<?xml version="1.0" encoding="UTF-8"?><?xml-stylesheet type="text/xsl" href="static/style.xsl"?><OAI-PMH xmlns="http://www.openarchives.org/OAI/2.0/" xmlns:xsi="http://www.w3.org/2001/XMLSchema-instance" xsi:schemaLocation="http://www.openarchives.org/OAI/2.0/ http://www.openarchives.org/OAI/2.0/OAI-PMH.xsd"><responseDate>2026-04-13T01:43:19Z</responseDate><request verb="GetRecord" identifier="oai:www.recercat.cat:2099.1/24998" metadataPrefix="marc">https://recercat.cat/oai/request</request><GetRecord><record><header><identifier>oai:recercat.cat:2099.1/24998</identifier><datestamp>2025-07-23T02:32:59Z</datestamp><setSpec>com_2072_1033</setSpec><setSpec>col_2072_452951</setSpec></header><metadata><record xmlns="http://www.loc.gov/MARC21/slim" xmlns:dcterms="http://purl.org/dc/terms/" xmlns:xsi="http://www.w3.org/2001/XMLSchema-instance" xmlns:doc="http://www.lyncode.com/xoai" xsi:schemaLocation="http://www.loc.gov/MARC21/slim http://www.loc.gov/standards/marcxml/schema/MARC21slim.xsd">
   <leader>00925njm 22002777a 4500</leader>
   <datafield ind2=" " ind1=" " tag="042">
      <subfield code="a">dc</subfield>
   </datafield>
   <datafield ind2=" " ind1=" " tag="720">
      <subfield code="a">de los Ríos García, Borja</subfield>
      <subfield code="e">author</subfield>
   </datafield>
   <datafield ind2=" " ind1=" " tag="260">
      <subfield code="c">2014-11</subfield>
   </datafield>
   <datafield ind2=" " ind1=" " tag="520">
      <subfield code="a">El presente Proyecto tiene por objeto definir las características técnicas de la Instalación de fontanería para, en conformidad con la normativa vigente, dotar de agua potable y agua caliente sanitaria un pequeño complejo hotelero situado en el Pirineo catalán, así como la red de evacuación.&#xd;
Al mismo tiempo, se estudia y analiza la gestión del agua, con el objetivo de conseguir un ahorro en dicho recurso. De esta manera, se presentan y comparan una red tradicional y una red basada en el reciclaje de aguas residuales.&#xd;
En este segundo caso se han escogido las aguas procedentes de duchas y lavabos,&#xd;
definidas como aguas grises y diferenciándose así de las aguas negras procedentes de los inodoros y bidés. Otra medida adoptada que se suma aquí a la eficiencia en el consumo de agua es el uso de dispositivos de ahorro en los aparatos de consumo.&#xd;
Precedente al diseño de la instalación, se exponen las posibles alternativas existentes,&#xd;
tanto a la hora de gestionar el agua utilizada en el hotel como en la depuración de la misma. La decisión de adoptar uno u otro sistema o tecnología es, debido a la naturaleza del proyecto, uno de los factores de mayor peso en este trabajo.&#xd;
Para ello, se comienza con un estudio de las necesidades hídricas del hotel. Se establecen&#xd;
medidas de eficiencia en los aparatos de consumo, a la vez que se estima la demanda de&#xd;
agua en los diferentes puntos de consumo del hotel, punto de partida para el diseño y&#xd;
dimensionado de la instalación. En la instalación de reciclaje se exponen cada una de las fases de depuración del agua.&#xd;
El trabajo concluye con el estudio de impacto ambiental, imprescindible para una&#xd;
instalación de estas características, y un análisis económico del proyecto, evaluando con todo ello la viabilidad del sistema diseñado para el caso concreto de la edificación escogida.</subfield>
   </datafield>
   <datafield tag="653" ind2=" " ind1=" ">
      <subfield code="a">Àrees temàtiques de la UPC::Edificació::Instal·lacions i acondicionament d’edificis::Instal·lacions de fontaneria</subfield>
   </datafield>
   <datafield tag="653" ind2=" " ind1=" ">
      <subfield code="a">Àrees temàtiques de la UPC::Edificació::Instal·lacions i acondicionament d’edificis::Instal·lacions de sanejament</subfield>
   </datafield>
   <datafield tag="653" ind2=" " ind1=" ">
      <subfield code="a">Housing development</subfield>
   </datafield>
   <datafield tag="653" ind2=" " ind1=" ">
      <subfield code="a">Building fittings</subfield>
   </datafield>
   <datafield tag="653" ind2=" " ind1=" ">
      <subfield code="a">Water-supply</subfield>
   </datafield>
   <datafield tag="653" ind2=" " ind1=" ">
      <subfield code="a">Sewage -- Purification</subfield>
   </datafield>
   <datafield tag="653" ind2=" " ind1=" ">
      <subfield code="a">Urbanitzacions</subfield>
   </datafield>
   <datafield tag="653" ind2=" " ind1=" ">
      <subfield code="a">Edificis -- Instal·lacions</subfield>
   </datafield>
   <datafield tag="653" ind2=" " ind1=" ">
      <subfield code="a">Aigua -- Abastament</subfield>
   </datafield>
   <datafield tag="653" ind2=" " ind1=" ">
      <subfield code="a">Aigües residuals -- Depuració</subfield>
   </datafield>
   <datafield ind2="0" ind1="0" tag="245">
      <subfield code="a">Diseño y gestión del sistema de suministro y evacuación de aguas de un complejo turístico</subfield>
   </datafield>
</record></metadata></record></GetRecord></OAI-PMH>